[Event "VIE-ch U09"]
[Site "Ho Chi Minh City"]
[Date "2014.07.13"]
[Round "1"]
[White "Dang, Tri Nang"]
[Black "Dang, Huu Binh"]
[Result "1-0"]
[WhiteElo "1481"]
[BlackElo "1532"]
[PlyCount "71"]
[EventDate "2014.07.13"]
[EventType "swiss"]
[EventRounds "9"]
[EventCountry "VIE"]
[SourceTitle "EXT 2016"]
[Source "ChessBase"]
[SourceDate "2015.10.08"]
[SourceVersion "1"]
[SourceVersionDate "2015.10.08"]
[SourceQuality "1"]

1. Nf3 Nc6 2. g3 e5 3. Bg2 Nf6 4. 0-0 Bc5 5. d3 0-0 6. Nbd2 h6 7. b3 Nd4 8. Bb2 Nxf3+ 9. Nxf3 d6 10. c3 Bg4 11. d4 Bxf3 12. Bxf3 e4 13. Bg2 Bb6 14. e3 d5 15. c4 dxc4 16. bxc4 c5 17. d5 Re8 18. Qc2 a6 19. Bxf6 Qxf6 20. Bxe4 Kh8 21. Bg2 Qg6 22. Qxg6 fxg6 23. Rab1 Bc7 24. Rxb7 Be5 25. f4 Bf6 26. e4 Bd4+ 27. Kh1 Rab8 28. Rfb1 Rxb7 29. Rxb7 Rc8 30. e5 g5 31. e6 gxf4 32. gxf4 Kg8 33. e7 Kf7 34. d6 Ra8 35. e8Q+ Kxe8 36. Re7+ 1-0